| 000 | 01217nab a22002177a 4500 | ||
|---|---|---|---|
| 999 |
_c5976 _d5976 |
||
| 003 | OSt | ||
| 005 | 20260114160117.0 | ||
| 008 | 190605e xxu||||| |||| 00| 0 spa d | ||
| 040 | _cPJ | ||
| 100 |
_96237 _aZanoni, Melissa |
||
| 245 | 1 | 0 |
_aPasantías : _buna buena forma de desarrollar relaciones laborales internacionales / _cMelissa Zanoni. |
| 260 |
_aCiudad Autónoma de Buenos Aires : _bThomson Reuters La Ley, _c2022. |
||
| 300 | _ap. 42-47 | ||
| 500 | _aCita: TR LALEY AR/DOC/2438/2022. | ||
| 505 | _aSumario: I. Introducción.— II. Beneficios de realizar pasantías internacionales.— III. Las pasantías en Argentina: beneficios y desventajas.— IV. Las prácticas no laborales en España.— V. Autorización de residencia para realizar prácticas en España de la disposición adicional 18ª de la ley 14/2013.— VI. Conclusión.— VII. Bibliografía. | ||
| 505 | _t¿Te interesa el texto completo? Solicitalo al correo: koha@justierradelfuego.gov.ar | ||
| 650 | 0 |
_91316 _aDERECHO LABORAL |
|
| 650 | 0 |
_96807 _aPASANTÍAS |
|
| 773 | 0 |
_02711 _93168 _dCiudad Autónoma de Buenos Aires : Thomson Reuters La Ley, 1999-2002. _tRevista de derecho del trabajo. Nº 5 - Septiembre 2022 |
|
| 942 |
_2udc _cANA |
||